[Event "Romanian Team Rapid Open 2022"]
[Site "Sebes"]
[Date "2022.12.03"]
[Round "2.18"]
[White "Arion, Ilie"]
[Black "Ileana, George"]
[Result "0-1"]
[WhiteElo "1924"]
[BlackElo "2343"]
[Annotator "TA"]
[PlyCount "93"]
[EventDate "2022.12.03"]
[EventType "rapid"]
[EventCountry "ROU"]
[SourceTitle "playchess.com"]
[Source "ChessBase"]
[SourceQuality "1"]

{[%evp 12,93,32,32,39,28,43,0,10,-54,33,33,51,36,71,58,46,49,62,62,60,36,66,70,82,71,76,87,82,78,104,3,19,23,22,28,65,78,104,0,0,-2,0,0,0,0,0,0,0,0,0,-38,0,-76,-34,-110,-95,-271,-139,-139,-146,-168,-164,-241,-245,-239,-85,-84,-76,-88,-78,-93,-90,-279,-266,-269,-281,-261,-234,-700,-690,-889,-883,-29993]} 1. d4 Nf6 2. c4 e6 3. g3 Bb4+ 4. Bd2 Qe7 5. Nc3 O-O 6. Nf3 d6 7. Bg2 Nbd7 {E11: Bogo-Indian.} 8. O-O e5 9. d5 a5 {[#] The position is equal.} 10. b3 $146 ({Better is} 10. Ne1 $11) ({Predecessor:} 10. a3 Bxc3 11. Bxc3 a4 12. Qc2 Nc5 13. Bb4 Nb3 14. Rad1 b6 15. Bc3 Nd7 16. Nd2 Nxd2 17. Rxd2 {1-0 (45) Devaev,A (2325)-Jakubowski,K (2475) Chess.com INT 2022}) 10... Bc5 (10... e4 $1 $15 11. Nd4 e3) 11. e4 $14 Ne8 12. Ne1 g6 13. Nd3 Bd4 14. Rc1 Ng7 15. Nb5 Bb6 16. a3 c6 {Inhibits b4.} 17. Nc3 Nc5 18. Nb2 Na6 19. Nca4 Bd4 20. Bxa5 (20. Bc3 {simplifies} Bxc3 21. Nxc3 Bd7 22. Nd3) 20... Nc5 21. Bb4 ({White should play} 21. Bc3 $1 $16) 21... Nxa4 22. Nxa4 c5 $1 23. Bc3 Bd7 24. Bxd4 exd4 25. Re1 ({White has to play} 25. Nb6 $1 $16 {[%cal Rb6a8]}) 25... Ra6 $11 26. f4 b5 27. cxb5 Bxb5 28. Bf1 Bxf1 29. Kxf1 Qb7 30. Qd3 {[%cal Oc1c5] Threatens to win with Rxc5!} Rb8 31. Rb1 Nh5 {[%cal Bg7h5,Bh5f6,Bf6d5][%mdl 1056] Black has compensation.} 32. Rec1 (32. e5 $11) 32... Nf6 $17 33. Re1 (33. Kg1 $1 $15) 33... Ra5 34. Red1 $2 (34. Kg1 $17) 34... Qb5 ({Black should try} 34... Ng4 $1 $19 {[%cal Rg4e3] aiming for ...Ne3+.} 35. Kg1 Ne3) 35. Qxb5 Raxb5 36. e5 Nxd5 {Hoping for ...Ne3+.} (36... Rxb3 $2 37. Rxb3 Rxb3 38. exf6 $18) 37. Ke2 (37. Rdc1 $142 dxe5 38. Nxc5) 37... dxe5 $1 $19 (37... Rxb3 38. Rxb3 Rxb3 39. exd6 $16) 38. fxe5 c4 ({Inferior is} 38... Rxb3 39. Rxb3 Rxb3 40. Nxc5 Re3+ 41. Kf2 $17) (38... Re8 39. Kd3 Rxe5 40. Rdc1 $17) (38... Ne3 $1 $19 {[%cal Re3d1] is more deadly.} 39. Rd3 c4 40. Rxd4 Nc2) 39. Rxd4 $17 cxb3 ({Don't play} 39... Rxb3 40. Rxb3 cxb3 41. Rxd5 $16) 40. Kd3 Ne7 {...Nc6 is the strong threat.} 41. Kc3 Rxe5 42. Rb4 $2 {[#]} (42. Rbd1 $17 {might work better.}) 42... Nd5+ $1 $19 43. Kd4 Nxb4 44. Kxe5 {[#]} Nc2 45. Nc5 $2 (45. Kd5) 45... b2 ({And not} 45... Nxa3 46. Rxb3 Rxb3 47. Nxb3 $17) 46. Nd3 Nxa3 47. Ra1 {Weighted Error Value: White=0.49/Black=0.18 (very precise)} 0-1

[Event "Romanian Team Rapid Open 2022"]
[Site "Sebes"]
[Date "2022.12.03"]
[Round "2.19"]
[White "Sfarlog, Tudor-Vlad"]
[Black "Craciun, Ovidiu"]
[Result "1-0"]
[WhiteElo "2283"]
[BlackElo "1857"]
[Annotator "TA"]
[PlyCount "31"]
[EventDate "2022.12.03"]
[EventType "rapid"]
[EventCountry "ROU"]
[SourceTitle "playchess.com"]
[Source "ChessBase"]
[SourceQuality "1"]

{[%evp 25,31,25,27,26,56,47,717,704]} 1. Nf3 Nf6 2. c4 g6 3. Nc3 Bg7 4. e4 d6 5. d4 O-O 6. Be2 c6 7. O-O Nbd7 8. Re1 e5 9. Bf1 Qc7 10. Rb1 a5 11. b3 Re8 12. a3 exd4 13. Nxd4 Nc5 {[%cal Rc5e4]} 14. f3 {[#] E96: King's Indian: Classical: 7...Nbd7 8 Re1 c6 9 Bf1 a5.} Qb6 $146 {[%cal Of6e4]} ({Predecessor:} 14... Bd7 15. Be3 Rad8 16. b4 axb4 17. axb4 Ne6 18. Rc1 Bc8 19. Nd5 Qb8 20. Nb6 d5 21. cxd5 cxd5 {0-1 (35) L'Ami,A (2358)-Dragicevic,D (2205) Queenstown 2009}) 15. Be3 $1 {b4 is the strong threat.} Ne6 $2 {[%mdl 8192] [#]} (15... Qc7 $14) 16. Nxe6 1-0

[Event "Romanian Team Rapid Open 2022"]
[Site "Sebes"]
[Date "2022.12.03"]
[Round "2.20"]
[White "Stefan, Iulia-Cristiana"]
[Black "Negrean, Andrei"]
[Result "0-1"]
[WhiteElo "1662"]
[BlackElo "1991"]
[Annotator "TA"]
[PlyCount "106"]
[EventDate "2022.12.03"]
[EventType "rapid"]
[EventCountry "ROU"]
[SourceTitle "playchess.com"]
[Source "ChessBase"]
[SourceQuality "1"]

{[%evp 12,106,0,2,13,-20,-8,-12,-16,-11,0,-21,0,-10,-8,-25,-10,-26,1,-8,6,0,-8,-42,-26,-41,1,0,28,42,29,24,14,-11,-2,-8,-19,-189,-175,-193,-191,-183,-179,-189,-189,-228,-225,-218,-213,-283,-168,-242,-237,-211,-210,-201,-78,-108,-67,-91,-82,-209,-131,-310,-293,-259,-105,-103,-16,-26,-19,-110,-66,-64,-28,-31,-32,-40,-35,-31,-34,-37,-36,-33,0,-67,-67,-102,-131,-29978,-29979,-29974,-29979,-29979,-29979,-29983,-29984]} 1. e4 c5 2. Nc3 Nc6 3. g3 g6 4. Bg2 Bg7 5. d3 d6 6. Nh3 Nf6 7. O-O Nd4 {B25: Closed Sicilian: 3 g3, lines without early Be3.} 8. f4 Bg4 9. Qd2 Qd7 {The position is equal.} 10. Nf2 Bf3 {[#]} 11. Nfd1 $146 ({Predecessor:} 11. Ncd1 Ng4 12. Nxg4 Bxg2 13. Qxg2 Qxg4 14. Ne3 Qd7 15. c3 Nc6 16. Bd2 e6 17. f5 gxf5 18. exf5 {1-0 (44) Cao,S (2420)-Ak Shariful,I Kuala Lumpur 1993}) 11... Bxg2 12. Qxg2 h5 13. h3 e6 14. Ne3 Qc6 15. Ncd1 (15. e5 dxe5 16. fxe5 Nd7 $15) 15... Nd7 16. c3 Nb5 17. f5 gxf5 18. exf5 Qxg2+ 19. Kxg2 O-O-O 20. a4 Nc7 21. Nc4 Ne5 22. f6 Bh6 23. Nxe5 dxe5 {[%cal Bd6e5,Be5e4][%mdl 32]} 24. Rf3 $2 (24. Nf2 $11 {and White has nothing to worry.}) 24... e4 $19 25. Rf1 exd3 {And now ...d2 would win.} 26. Bxh6 Rxh6 27. Ne3 Ne8 28. Nc4 Rxf6 (28... Nxf6 29. Rad1 $17) 29. Rxf6 Nxf6 {[%mdl 4096] Endgame KRN-KRN} 30. Ne5 Nd5 (30... d2 $2 31. Rd1 $19) (30... Rd5 $142 31. Nc4 Ne4) 31. Nxf7 (31. Kf3 $142) 31... Rf8 32. Nd6+ Kc7 $1 33. Nc4 {Inhibits Ne3+.} a6 (33... h4 $1 $19 {Threatens to win with ...Rg8.} 34. Re1 Rg8) 34. a5 $17 b5 35. axb6+ Nxb6 36. Ne5 (36. Nd2 $17) 36... Rd8 {Hoping for ...Rd5.} 37. c4 $2 {Against Rd5} (37. Kf3 $17 {was worth a try.}) 37... d2 $19 38. Rd1 {[#]} Rd4 (38... Na4 $1 $19 {[%cal Ra4b2] is more deadly.} 39. Nf3 Nxb2 40. Rxd2 Nxc4) 39. b3 $17 {[#]} Nd7 ({Black should try} 39... a5 $1 $17 40. Kf2 a4 41. bxa4 Nxa4) 40. Nf3 $11 {[%csl LRd2,LRd4]} Rd3 41. Nxd2 (41. Rxd2 $11 {remains equal.} Rxb3 42. Ra2) 41... Nf6 {Strongly threatening ...Ne4.} 42. Kf2 e5 {[%cal Oh5h4] Black has more active pieces.} 43. Ke2 $1 Rxg3 44. Rf1 Nd7 45. Rf7 Rxh3 46. Ne4 Kd8 ({Much less strong is} 46... Rxb3 47. Nxc5 (47. Rxd7+ Kxd7 48. Nxc5+ Kc7 $11) 47... Ra3 48. Nxd7 $14 (48. Rxd7+ Kc6 $11)) 47. Rh7 $1 h4 {[%cal Bh5h4,Bh4h3,Bh3h2][%mdl 32]} 48. Ng5 (48. Rh8+ $11 Kc7 49. Rh7) 48... Rxb3 $15 {[%cal Oh4h3]} 49. Ne6+ Kc8 50. Rxd7 $2 {[%mdl 8192]} (50. Rxh4 $17 Rb6 51. Rh8+ Kb7 52. Re8) 50... Rb2+ {Black mates.} 51. Rd2 Rxd2+ 52. Kxd2 h3 53. Ng5 h2 {Weighted Error Value: White=0.41/Black=0.24 (precise)} 0-1

[Event "Romanian Team Rapid Open 2022"]
[Site "Sebes"]
[Date "2022.12.03"]
[Round "2.21"]
[White "Nastase, Robert-Paul"]
[Black "Badau, Iancu-Daniel"]
[Result "1-0"]
[WhiteElo "2229"]
[BlackElo "1792"]
[Annotator "TA"]
[PlyCount "33"]
[EventDate "2022.12.03"]
[EventType "rapid"]
[EventCountry "ROU"]
[SourceTitle "playchess.com"]
[Source "ChessBase"]
[SourceQuality "1"]

{[%evp 10,33,22,0,46,0,89,85,84,91,90,25,93,81,184,177,257,260,398,360,744,735,709,708,636,641]} 1. e4 e5 2. Nf3 Nf6 3. d4 Nxe4 4. Nxe5 d5 5. Bd3 Nd7 6. O-O {[%cal Oe5f7]} Bd6 {C43: Petroff Defence: 3 d4.} (6... Nxe5 $11 7. Bxe4 dxe4 8. dxe5 Qxd1 9. Rxd1 Bg4) 7. Nc3 {[#]} (7. Nd2 $14) 7... Nef6 $146 (7... Nxc3 $11 {keeps the balance.} 8. bxc3 O-O) ({Predecessor:} 7... Nxc3 8. bxc3 O-O 9. Re1 c5 10. Qf3 c4 11. Bf1 Nb6 12. Bf4 Be6 13. Qg3 Bxe5 14. Bxe5 f6 15. Bf4 Qd7 16. a4 Rfe8 17. a5 {½-½ (74) Ballester Llagaria,L (2298)-Coto Mederos,M (2348) Chess.com INT 2021}) 8. Bg5 $16 {Black must now prevent Re1.} c6 {White is better.} 9. Qf3 O-O {[#]} (9... Nxe5 $2 10. dxe5 Bxe5 11. Rae1 $18) 10. Rae1 (10. Ng4 $1 $16) 10... Qc7 (10... h6 $11 11. Bf4 Bc7) 11. Qg3 {And now Qh4 would win. White has more active pieces. The black rooks are badly placed.} Nh5 {[#]} (11... Ne8 $16) 12. Qh4 $1 $36 {[%mdl 2048] White is in control.} Ndf6 (12... g6 $142) 13. g4 h6 (13... Nxg4 {keeps fighting.} 14. Nxg4 Bxg4 15. Qxg4 g6) 14. Bc1 ({Weaker is} 14. gxh5 hxg5 15. Qxg5 Bxe5 16. dxe5 (16. Rxe5 Ng4 $14) 16... Nh7 $16) 14... g5 $2 (14... Bxg4 15. Nxg4 Nxg4 16. Qxg4 Nf6) 15. Bxg5 {White is clearly winning.} hxg5 16. Qxg5+ Ng7 17. Qxf6 {Weighted Error Value: White=0.15 (very precise) /Black=0.65} 1-0

[Event "Romanian Team Rapid Open 2022"]
[Site "Sebes"]
[Date "2022.12.03"]
[Round "2.22"]
[White "Denes, Attila-Norbert"]
[Black "Daianu, Cristian-Clement"]
[Result "0-1"]
[WhiteElo "1755"]
[BlackElo "2189"]
[Annotator "TA"]
[PlyCount "80"]
[EventDate "2022.12.03"]
[EventType "rapid"]
[EventCountry "ROU"]
[SourceTitle "playchess.com"]
[Source "ChessBase"]
[SourceQuality "1"]

{[%evp 16,80,31,23,63,64,88,84,95,80,86,55,133,136,141,110,100,-103,-113,-106,-116,-161,-163,-277,-277,-266,-269,-338,-341,-553,-535,-518,-527,-461,-461,-724,-320,-668,-695,-729,-708,-672,-439,-438,-418,-421,-384,-409,-393,-629,-605,-1214,-1199,-12847,-12836,-5277,-5206,-2017,-872,-29977,-29977,-29955,-1514,-29977,-29978,-29980,-29978]} 1. d4 f5 2. Nf3 Nf6 3. g3 e6 4. Bg2 d6 5. O-O Be7 6. c4 O-O 7. Nc3 a5 8. Qc2 Nc6 9. a3 Qe8 {A96: Classical Dutch: Fluid Systems: Early deviations.} 10. d5 $1 exd5 11. cxd5 {[#]} Ne5 $146 {White is better.} ({Predecessor:} 11... Nd8 12. Nd4 Qd7 13. Ncb5 Ne8 14. Bd2 Bf6 15. Rac1 g6 16. Bh6 Rf7 17. Rfd1 Re7 {½-½ (28) Perron,S-Smith,C IECC email 1996}) 12. Nd4 Qh5 13. Bf4 Nfg4 (13... Bd7 $14) 14. h3 $16 g5 15. Bxe5 (15. hxg4 Nxg4 16. Nf3 gxf4 17. gxf4 Rf7 $17) 15... Nxe5 16. Ne6 $2 (16. Ncb5 $16 {keeps the pressure on.}) 16... Bxe6 $17 {Black continues to play with concentration.} 17. dxe6 c6 {Inhibits Nd5.} 18. e4 f4 19. gxf4 (19. f3 $142) 19... gxf4 $19 {[#] Threatens to win with ...f3.} ({Weaker is} 19... Rxf4 20. Ne2 Nf3+ 21. Kh1 $19) 20. f3 Kh8 {White must now prevent ...Rg8.} 21. Ne2 Rf6 22. Nd4 $2 (22. Kh1) 22... Rg8 23. Kh1 Rfg6 24. Rf2 Bd8 {[#] Hoping for ...Bb6.} 25. Nf5 (25. Rg1 $142) 25... Rxe6 (25... Bb6 $142 {( -> ...Rxg2)} 26. e7 Bxf2) 26. Rd1 $2 (26. Qc3) 26... Bb6 27. Rxd6 Rxd6 28. Nxd6 Bxf2 29. Qxf2 Qg5 30. Nf5 Rd8 31. Qc5 Qf6 32. Qc1 $2 (32. Qc3) 32... Nd3 {[%csl LRb2,LRc1]} 33. Qc4 Qxb2 {And now ...Ne1 would win.} 34. Qf7 Rg8 {[%csl Gg8][%cal Rb2g2]} (34... Qxa3 $2 35. Qg7#) 35. Nh4 Qa1+ ({Worse is} 35... Qxa3 36. Qf6+ Rg7 37. Qd8+ Rg8 38. Qf6+ Rg7 39. Qd8+ Rg8 40. Qf6+ $11) 36. Kh2 Qg7 ({Not} 36... Qxa3 37. Qf6+ Rg7 38. Qd8+ Rg8 39. Qf6+ Rg7 40. Qd8+ Rg8 41. Qf6+ $11) (36... Ne1 $142 37. Qb3 Qd4) 37. Qh5 b5 {[%cal Bb7b5,Bb5b4][%mdl 32]} 38. Qg4 Qxg4 (38... Qb2 $142 39. Kh1 Nf2+ 40. Kh2 Nxg4+ 41. hxg4 Qxa3 42. Kh3 a4 43. Kh2 Qb2 44. Nf5 Qf2 45. Nh6 Rg6 46. Nf5 a3 47. e5 a2 48. g5 Rxg5 49. Kh3 a1=Q 50. e6 Qxg2+ 51. Kh4 Qah1#) 39. hxg4 b4 40. Bf1 Ne5 {Weighted Error Value: White=1.20/Black=0.79} 0-1

[Event "Romanian Team Rapid Open 2022"]
[Site "Sebes"]
[Date "2022.12.03"]
[Round "2.23"]
[White "Vrencian, Lehel"]
[Black "Chereches, Marius-Calin"]
[Result "1-0"]
[WhiteElo "2226"]
[BlackElo "1472"]
[Annotator "TA"]
[PlyCount "46"]
[EventDate "2022.12.03"]
[EventType "rapid"]
[EventCountry "ROU"]
[SourceTitle "playchess.com"]
[Source "ChessBase"]
[SourceQuality "1"]

{[%evp 12,46,0,0,73,65,118,108,112,114,112,81,91,77,79,94,148,157,226,217,582,582,581,575,544,462,472,467,441,419,558,551,541,555,762,756,762]} 1. e4 c5 2. Nf3 g6 3. d4 cxd4 4. Nxd4 Bg7 5. c4 Nc6 6. Nc2 d6 7. Be2 e5 {7...Be6 is the modern continuation. B37: Sicilian: Maroczy Bind with 5...Bg7, sidelines.} (7... Be6 $11) 8. Nc3 $16 {[%cal Bb1c3,Bc3b5,Bb5d6][%mdl 32]} Nge7 {[#]} (8... Nf6 $14) 9. Nb5 $146 ({Predecessor:} 9. O-O O-O 10. Ne3 f5 11. exf5 Bxf5 12. Bg4 Nd4 13. Bxf5 Nexf5 14. Ncd5 Nh6 15. Ng4 {1-0 (63) Szaraz,S (1559)-Ivady,M (1756) Eger 2017}) 9... O-O {White is better.} 10. Qxd6 Be6 11. Bg5 {White has more active pieces.} Qxd6 12. Nxd6 Rad8 13. O-O-O {[%cal Ba1d1,Bd1d7,Bd7b7][%mdl 32]} f6 (13... Rd7 $142) 14. Be3 Nd4 (14... Rb8 $16 {was called for.} 15. Nb5 f5) 15. Nxd4 $18 (15. Nxb7 $2 {perishes.} Nxe2+ 16. Kb1 Rb8 $19) 15... Rxd6 (15... exd4 {is tougher.} 16. Rxd4 f5) 16. Nxe6 Rxe6 17. c5 {[#] Strongly threatening Bc4.} Kh8 18. Rd7 {[%cal Oe2c4] Hoping for Bc4!} Nc6 19. Rxb7 f5 20. f3 Rd8 21. Bc4 {[%cal Be2c4,Bc4d5,Bd5f7][%mdl 32] White is clearly winning.} Ree8 22. Bd5 Ne7 23. Bf7 fxe4 {Weighted Error Value: White=0.08 (flawless) /Black=0.61} 1-0

[Event "Romanian Team Rapid Open 2022"]
[Site "Sebes"]
[Date "2022.12.03"]
[Round "2.24"]
[White "Serban, Cristian-Stefan"]
[Black "Craciun, Sasha-Matei"]
[Result "0-1"]
[WhiteElo "2131"]
[BlackElo "2001"]
[Annotator "TA"]
[PlyCount "59"]
[EventDate "2022.12.03"]
[EventType "rapid"]
[EventCountry "ROU"]
[SourceTitle "playchess.com"]
[Source "ChessBase"]
[SourceQuality "1"]

{[%evp 9,59,7,15,-10,16,-29,-6,-31,-8,-104,-99,-113,-107,-120,-127,-108,-120,-94,-97,-89,-43,-48,0,-85,-58,-90,-68,-550,-543,-822,-800,-1022,-999,-1161,-892,-1066,-1068,-1314,-1321,-1475,-1471,-1384,-1231,-29987,-29988,-29986,-29987,-29983,-29984,-29989,-29988,-29989]} 1. e4 e5 2. Nf3 Nc6 3. Bc4 Bc5 4. Nc3 Nf6 5. d3 O-O 6. Be3 {C50: Hungarian Defence and Giuoco Pianissimo.} Bb6 7. Qe2 d6 (7... Nd4 $5 {[%cal Rd4e2]} 8. Qd2 Re8 $15) 8. h3 {[#] The position is equal.} Re8 $146 ({Predecessor:} 8... Nd4 9. Qd2 Ne6 10. Bb3 c6 11. Ne2 Qc7 12. g4 a5 13. a4 Nc5 14. Bxc5 Bxc5 15. Ng3 {1-0 (48) Mason,J-Janowski,D Monte Carlo 1901}) 9. g4 {[#]} (9. Bxb6 $11 {remains equal.} axb6 10. O-O) 9... Nd4 $1 $17 10. Bxd4 exd4 11. Nd5 Nxd5 12. Bxd5 c6 13. Bb3 Ba5+ {[%cal Bb6a5,Ba5d2,Bd2f4][%mdl 32]} 14. Nd2 Qg5 ({Better is} 14... d5 $17) 15. O-O-O $15 {[%cal Of2f4]} b5 {Against f4} (15... Qf4 $15 {was preferrable.}) 16. Kb1 (16. f4 $11 Qc5 17. f5) 16... Qc5 17. Qf3 Re7 {Active counter play!} 18. Rdg1 $2 {[%mdl 8192] Now White is beyond hope.} Bxd2 $19 19. Qe2 {Inhibits a5.} Bf4 {Threatens to win with ...a5.} 20. h4 a5 {[%cal Ba7a5,Ba5a4][%mdl 32]} 21. c4 dxc3 22. d4 Qxd4 {[#] ...a4 is the strong threat.} 23. Rd1 Qe5 24. bxc3 a4 25. Bc2 Qxc3 {( -> ...Qb4+)} 26. Rd3 Qb4+ {Black mates.} 27. Bb3 axb3 28. Rxb3 Qa4 29. Rhh3 Be6 30. Rb2 {Weighted Error Value: White=1.27/Black=0.27 (precise)} 0-1

[Event "Romanian Team Rapid Open 2022"]
[Site "Sebes"]
[Date "2022.12.03"]
[Round "2.25"]
[White "Saioc, David"]
[Black "Dragomirescu, Robin-Alexandru"]
[Result "1/2-1/2"]
[WhiteElo "2026"]
[BlackElo "2337"]
[Annotator "TA"]
[PlyCount "64"]
[EventDate "2022.12.03"]
[EventType "rapid"]
[EventCountry "ROU"]
[SourceTitle "playchess.com"]
[Source "ChessBase"]
[SourceQuality "1"]

{[%evp 9,64,20,42,31,43,8,10,14,69,39,36,40,35,32,29,15,15,20,27,42,28,33,32,29,39,37,78,73,76,86,105,102,145,61,61,68,79,68,135,62,130,99,131,127,234,234,234,234,238,104,200,0,238,0,181,0,229]} 1. Nf3 Nc6 2. d4 d5 3. g3 Bg4 4. Bg2 Nf6 5. O-O Bxf3 6. Bxf3 {[%cal Oc2c4] D02: 1 d4 d5 2 Nf3 sidelines, including 2...Nf6 3 g3 and 2...Nf6 3 Bf4.} e5 {Inhibits c4.} 7. dxe5 Nxe5 8. Bg2 Be7 (8... Bc5 $11) 9. b3 (9. Qd4 $5 {[%cal Rd4e5]} Ng6 10. c4 $14) 9... c6 10. Bb2 Qc7 11. Nd2 {[#]} Rd8 $146 ({Predecessor:} 11... O-O 12. Nf3 Nxf3+ 13. Bxf3 Rad8 14. Qd4 b6 15. Rfd1 Rfe8 16. Qa4 Nd7 17. Rac1 Nc5 {1-0 (26) Wickenfeld,S (2210)-Stoering,M (1967) Gelsenkirchen 2015}) 12. Qc1 O-O 13. c4 d4 14. Nf3 Nxf3+ 15. Bxf3 Rd7 16. Rd1 (16. e3 {with more complications.} d3 17. Bd4 Rfd8 18. Rd1) 16... Rfd8 $1 17. Rd3 {[%cal Bd1d3,Bd3a3,Ba3b3][%mdl 32]} a5 18. Qc2 Qb6 19. Rad1 a4 20. bxa4 Qa7 21. Ba3 (21. Kg2 $16) 21... Bxa3 $14 22. Rxa3 Qc5 {Against a5} 23. Rb3 Nd5 24. Rd2 ({Better is} 24. Bxd5 $16 cxd5 25. Rb5 Qxc4 26. Rc5 Qxc2 27. Rxc2) 24... Nb6 (24... Nf6 $14) 25. Qb1 Nxa4 (25... Nxc4 $2 26. Rc2 $18) 26. Rxb7 g6 (26... Rxb7 $16 {was necessary.} 27. Qxb7 Qxc4) 27. Rxd7 $18 Rxd7 28. Qb3 Ra7 29. Qd3 (29. Bxc6 $18 Nb6 30. Bb5) 29... Rd7 (29... Nb6 $16 {might work better.}) 30. Qb3 Ra7 31. Qd3 Rd7 $1 32. Qb3 (32. Qe4 $142 {Strongly threatening Qe8+.} Rd6 33. Qe7) 32... Ra7 $1 {Weighted Error Value: White=0.44/Black=0.21 (precise)} 1/2-1/2

[Event "Romanian Team Rapid Open 2022"]
[Site "Sebes"]
[Date "2022.12.03"]
[Round "2.27"]
[White "Popescu, Alexandru-Mihai"]
[Black "Dragomirescu, Calin"]
[Result "0-1"]
[WhiteElo "1634"]
[BlackElo "1971"]
[Annotator "TA"]
[PlyCount "128"]
[EventDate "2022.12.03"]
[EventType "rapid"]
[EventCountry "ROU"]
[SourceTitle "playchess.com"]
[Source "ChessBase"]
[SourceQuality "1"]

{[%evp 9,128,0,-21,-14,11,-36,-27,-34,-41,-41,-15,-20,-16,-38,-47,-45,-28,-56,-40,-69,-51,-103,-85,-126,-117,-148,-145,-123,-80,-78,-11,-85,-59,-56,-29,-29,-25,-66,-18,-40,-28,-30,-4,-46,8,-37,7,6,6,-143,-148,-229,-93,-79,-40,-34,-35,-89,-85,-105,-68,-120,-81,-145,-71,-154,-149,-209,-196,-203,-177,-268,-172,-182,-169,-175,-161,-189,-174,-191,-133,-394,-372,-914,-914,-907,-850,-1250,-1240,-911,-866,-2070,-1284,-1865,-1472,-4714,-4631,-29962,-29963,-4718,-1501,-1321,-592,-1966,-1368,-29973,-29973,-29980,-29980,-29980,-29981,-29980,-29981,-29983,-29983,-29987,-29988,-29988,-29989,-29990,-29991]} 1. e4 g6 2. d4 Bg7 3. Be3 d6 4. f4 Nf6 5. Qd3 O-O {[#]} 6. Nf3 $146 {B06: Modern Defence.} ({Predecessor:} 6. Be2 d5 7. Nc3 dxe4 8. Nxe4 Nxe4 9. Qxe4 c5 10. O-O-O Qb6 11. c3 Bf5 12. Qxe7 cxd4 13. Bxd4 Bxd4 14. cxd4 {0-1 (28) Popescu,A (1617)-Balaban Voia,A (1972) Sebes 2022}) 6... b6 7. Nbd2 (7. Nc3 $11 {feels stronger.}) 7... c5 $15 8. c3 {Black has an edge.} Ba6 9. Qc2 Bxf1 (9... Ng4 $5 {[%cal Rg4e3]} 10. Bg1 cxd4 11. cxd4 Qd7 $11) 10. Nxf1 cxd4 11. cxd4 Qc8 12. Qxc8 Rxc8 13. N1d2 Nc6 {[%cal Bb8c6,Bc6a5,Ba5c6][%mdl 32]} 14. a3 Na5 15. O-O (15. Rb1 $15) 15... Ng4 16. Rfe1 Rc2 17. b4 Nc6 {Black has more active pieces.} 18. e5 dxe5 19. dxe5 Rd8 (19... f6 $17 {[%cal Rf6e5]} 20. Bf2 Nxf2 21. Kxf2 Nd4 $1) 20. Ne4 (20. Nf1 $1 $11) 20... Nxe3 21. Rxe3 Nd4 22. Nxd4 Rxd4 23. Rae1 Ra2 (23... f6 $15 24. exf6 exf6) 24. R1e2 Rxe2 25. Rxe2 {[%mdl 4096] Endgame KRB-KRN} Rd3 26. Rd2 (26. Rc2 $5 {[%cal Rc2c8]}) 26... Rxa3 (26... Rxd2 $15 27. Nxd2 f6) 27. Rd8+ $11 Bf8 28. e6 {next exf7+ is good for White.} Kg7 29. exf7 (29. Ng5 $1 $11 {remains equal.}) 29... h6 $17 30. Kf2 (30. Kf1 $17) 30... a5 ({Not} 30... Kxf7 31. b5 $17) (30... Rb3 $19 {and Black stays clearly on top.} 31. Ra8 Rxb4) 31. bxa5 Rxa5 32. Rb8 Rb5 (32... Ra2+ {looks sharper.} 33. Kf3 Ra3+ 34. Kf2 Ra4) 33. h3 (33. Rb7 $15) 33... Kxf7 34. Ke3 Rb2 35. g3 (35. Nf2 $15) 35... Bg7 36. Rb7 (36. Nd2 $142) 36... Bf6 ({Better is} 36... Rb3+ 37. Kd2 Bd4) 37. Nd6+ (37. Nf2 $142) 37... Ke6 38. Nc4 (38. Ne8 $17) 38... Rb3+ $19 39. Kf2 Kd5 40. Nd2 (40. Ne5 $142) 40... Rb2 41. Rd7+ Kc6 42. Rd3 b5 {[%cal Bb6b5,Bb5b4,Bb4b3][%mdl 32]} 43. Ke3 b4 44. Ne4 Kb5 (44... Ra2 $19 45. Kf3 g5 46. fxg5 hxg5) 45. Nxf6 $2 {[%mdl 8192] White does not recover from this.} (45. Rd5+ $17 Ka4 46. Nc5+ Ka3 47. Rd7) 45... exf6 $17 {KR-KR} 46. Kd4 $2 (46. Rd5+ Kc4 47. Rd6) 46... Rc2 $19 {...Rc4+ is the strong threat.} 47. Rb3 Ka4 48. Rb1 b3 {aiming for ...b2.} 49. Kd3 Rg2 50. g4 Ka3 51. Kc4 Rc2+ 52. Kd3 Ka2 53. Re1 Rc6 54. Re8 Rc5 (54... Ra6 $142 55. Rb8 b2) 55. Ra8+ Kb1 {White must now prevent ...b2.} 56. Kd2 b2 {( -> ...Rd5+)} 57. Ra7 Rd5+ {Black mates.} 58. Ke2 Kc2 59. Rc7+ {[#]} Kb3 $1 60. Rb7+ Kc3 61. Rb6 Rd4 62. Rc6+ Rc4 63. Rb6 Rb4 64. Rc6+ Kb3 {Weighted Error Value: White=0.91/Black=0.35} 0-1

[Event "Romanian Team Rapid Open 2022"]
[Site "Sebes"]
[Date "2022.12.03"]
[Round "2.28"]
[White "Santimbrean, Mihnea-Nicolae"]
[Black "Dragut, Stefan-Cristian"]
[Result "1-0"]
[WhiteElo "1491"]
[BlackElo "1217"]
[Annotator "NA RC COMBH"]
[PlyCount "69"]
[EventDate "2022.12.03"]
[EventType "rapid"]
[EventCountry "ROU"]
[SourceTitle "playchess.com"]
[Source "ChessBase"]
[SourceQuality "1"]

1. e4 e5 2. Nf3 Nf6 3. Nc3 Nc6 4. Bc4 Bc5 5. d3 h6 6. O-O d6 7. h3 O-O 8. Ne2 Be6 9. Bb5 a6 10. Ba4 b5 11. Bb3 Qd7 12. Bxe6 Qxe6 13. c3 Bb6 14. Ng3 d5 15. Qe2 dxe4 16. dxe4 Rad8 17. Nh4 Ne7 18. Nhf5 Nxf5 19. Nxf5 Nh7 20. Qg4 g5 21. Qh5 Rfe8 22. Nxh6+ Kg7 23. Nf5+ Kg8 24. Bxg5 Nxg5 25. Qxg5+ Qg6 26. Ne7+ Rxe7 27. Qxe7 Rd2 28. Rad1 Rxb2 29. Rd8+ Kg7 30. Qxe5+ f6 31. Qe7+ Kh6 32. Rf8 Kg5 33. h4+ Kxh4 34. Rxf6 Qg5 35. Rf4+ 1-0